000 00533nam a2200205 a 4500
005 20240910064248.0
008 991125s1996 mx 000 0 spa u
020 _a9682453933
035 _aUPN01000003907
049 _aCG
050 4 _aBF318
_bM5.3 1996
100 1 _aMichel, Guillermo
_929322
245 1 0 _aAprende a ser tú mismo /
_cGuillermo Michel.
250 _a4a ed.
260 _aMéxico :
_bTrillas,
_c1996.
300 _a126 p. :
_bil.
650 4 _aAprendizaje
_92861
650 4 _aAutocontrol
_92903
905 _aLibro
999 _c3907
_d3907